Hommes politiques de gauche de la Ve république #1 - Statistiques

Statistiques générales
  • Ce quiz a été pris 112 fois
  • Le résultat moyen est 7 sur 12
Statistiques - réponses
Par images Réponse % Correct
Hollande
100%
Mitterrand
99%
Valls
93%
Jospin
91%
Faure
73%
Fabius
54%
Rocard
48%
Strauss-Kahn
45%
Martine Aubry
39%
Delors
33%
Mauroy
28%
Defferre
11%
Aucun quiz correspondant
Distribution des résultats
% des personnes avec chaque résultat
Percentile par nombre de réponses
Votre historique - résultats
Vous n’avez pas pris ce quiz